<?xml version="1.0" encoding="UTF-8"?>
<record
    xmlns:xsi="http://www.w3.org/2001/XMLSchema-instance"
    xsi:schemaLocation="http://www.loc.gov/MARC21/slim http://www.loc.gov/standards/marcxml/schema/MARC21slim.xsd"
    xmlns="http://www.loc.gov/MARC21/slim">

  <leader>01578nam a22001577a 4500</leader>
  <datafield tag="999" ind1=" " ind2=" ">
    <subfield code="c">515073</subfield>
    <subfield code="d">515073</subfield>
  </datafield>
  <controlfield tag="008">210109b           ||||| |||| 00| 0 eng d</controlfield>
  <datafield tag="100" ind1=" " ind2=" ">
    <subfield code="a">Wang, Weijje and Sun, Rusi</subfield>
    <subfield code="9">23619</subfield>
  </datafield>
  <datafield tag="245" ind1=" " ind2=" ">
    <subfield code="a">Does organizational performance affect employee turnover? A re&#x2010;examination of the turnover&#x2013;performance relationship</subfield>
  </datafield>
  <datafield tag="260" ind1=" " ind2=" ">
    <subfield code="a">Public Administration  </subfield>
  </datafield>
  <datafield tag="300" ind1=" " ind2=" ">
    <subfield code="a">98(1), 2020: p.210-225</subfield>
  </datafield>
  <datafield tag="520" ind1=" " ind2=" ">
    <subfield code="a">A common problem with using organizational performance as the dependent variable is the ignoring of feedback effect. The current conceptualization of the turnover&#x2013;performance relationship is mostly unidirectional, focusing on how turnover affects organizational performance. Only a few scholars have investigated the possible reverse relationship between turnover and performance. Aiming to further the research on the feedback effect of organizational performance, this study employed cross&#x2010;lagged structural equation models that are especially suitable for modelling the possible reverse relationships between variables. Data were collected from public elementary and middle schools in New York City over a three&#x2010;year period. The results consistently show that organizational performance was negatively related to subsequent employee turnover. This research contributes to the development of a more valid and comprehensive understanding of the relationship between employee turnover and organizational performance. - Reproduced </subfield>
  </datafield>
  <datafield tag="650" ind1=" " ind2=" ">
    <subfield code="a">Middle schools, Employee </subfield>
    <subfield code="9">23620</subfield>
  </datafield>
  <datafield tag="773" ind1=" " ind2=" ">
    <subfield code="a">Public Administration</subfield>
  </datafield>
  <datafield tag="906" ind1=" " ind2=" ">
    <subfield code="a">ORGANISATIONAL PERFORMANCE </subfield>
  </datafield>
  <datafield tag="942" ind1=" " ind2=" ">
    <subfield code="c">AR</subfield>
  </datafield>
  <datafield tag="952" ind1=" " ind2=" ">
    <subfield code="0">0</subfield>
    <subfield code="1">0</subfield>
    <subfield code="2">ddc</subfield>
    <subfield code="4">0</subfield>
    <subfield code="7">0</subfield>
    <subfield code="9">389106</subfield>
    <subfield code="a">IIPA</subfield>
    <subfield code="b">IIPA</subfield>
    <subfield code="d">2021-01-09</subfield>
    <subfield code="h">98(1), 2020: p.210-225</subfield>
    <subfield code="p">AR123851</subfield>
    <subfield code="r">2021-01-09</subfield>
    <subfield code="y">AR</subfield>
  </datafield>
</record>
